| 000 | 00775cam a2200181 4500 | ||
|---|---|---|---|
| 001 | ##L134287 | ||
| 008 | 060724n1962 000 0 eng u | ||
| 035 | _a(Sirsi) u134287 | ||
| 041 | 0 | _aeng | |
| 050 | 0 | 4 | _a333.0062 $2 18 |
| 110 | 2 |
_aIncorporated Association of Architects and Surveyors _94913 |
|
| 245 | 0 | 0 |
_aAnnual general meeting _bthirty-seventh annual report |
| 260 |
_a[S.l.] _b[s.n.] _c1962 |
||
| 300 |
_a8p. _c24cm. |
||
| 520 | _aPamphlet giving notice of the Association's 37th annual general meeting that took place at their headquarters in London on 19 January 1963 at 10.30am. Includes the agenda, the 37th annual report, the balance sheet and income and expenditure account for the year ended 31 August 1962. | ||
| 690 | _aBUILT ENVIRONMENT | ||
| 942 | _n0 | ||
| 999 |
_c105635 _d105635 |
||